| 000 | 00416nam a22001337a 4500 | ||
|---|---|---|---|
| 008 | 230602b xxu||||| |||| 00| 0 eng d | ||
| 020 | _a9966767037 | ||
| 082 |
_a316.6762 _bCBS |
||
| 100 |
_cCentral Burial and Statistics _d2006 |
||
| 245 | _aStatistical Abstract 2006 | ||
| 260 |
_aNairobi _bCentral Burial and Statistics, Ministry of Planning and National Development, Nairobi |
||
| 300 | _axii:313 p | ||
| 942 |
_2ddc _cBK |
||
| 999 |
_c198 _d198 |
||